الفلسفة في الهند قطاعاتها الهندوكية و الإسلامية و المعاصرة مع مقدمات عن الفلسفة الشرقية في الصين / (رقم التسجيلة. 895)
[ عرض عادي ]
| 000 -LEADER | |
|---|---|
| fixed length control field | 00655nam a22001697a 4500 |
| 005 - DATE AND TIME OF LATEST TRANSACTION | |
| control field | 20251108163351.0 |
| 008 - FIXED-LENGTH DATA ELEMENTS--GENERAL INFORMATION | |
| fixed length control field | 250721s1993 xx 000 0 ara d |
| 082 14 - DEWEY DECIMAL CLASSIFICATION NUMBER | |
| Classification number | 4ر181/علي |
| 100 1# - MAIN ENTRY--PERSONAL NAME | |
| Personal name | زيعور، علي |
| 245 10 - TITLE STATEMENT | |
| Title | الفلسفة في الهند قطاعاتها الهندوكية و الإسلامية و المعاصرة مع مقدمات عن الفلسفة الشرقية في الصين / |
| 264 1# - PRODUCTION, PUBLICATION, DISTRIBUTION, MANUFACTURE, AND COPYRIGHT NOTICE | |
| Place of production, publication, distribution, manufacture | بيروت : |
| Name of producer, publisher, distributor, manufacturer | مؤسسة عزالدين للطباعة، |
| Date of production, publication, distribution, manufacture, or copyright notice | 1993. |
| 300 ## - PHYSICAL DESCRIPTION | |
| Extent | 478ص |
| 490 0# - SERIES STATEMENT | |
| Series statement | الفلسفة في العالم والتاريخ |
| 650 17 - SUBJECT ADDED ENTRY--TOPICAL TERM | |
| Topical term or geographic name as entry element | الفلسفة الهندية |
| 942 ## - ADDED ENTRY ELEMENTS (KOHA) | |
| Source of classification or shelving scheme | Dewey Decimal Classification |
| Koha item type | كتب |
| حالة السحب | حالة الفقدان | مصدر التصنيف | حالة التلف | غير قابل للإعارة | المكتبة الرئيسية | المكتبة الحالية | موقع الرف | تاريخ التزويد | الرقم المتسلسل | Total Checkouts | رقم الإستدعاء | الباركود | تاريخ آخر ظهور | تاريخ الفاتورة | نوع المادة (كوها) |
|---|---|---|---|---|---|---|---|---|---|---|---|---|---|---|---|
| Dewey Decimal Classification | مكتبة وادي السير العامة | مكتبة وادي السير العامة | الإعارة | 07/08/1980 | [1863].... | 4ر181/علي | PLD00380271 | 28/07/2025 | 07/08/1980 | كتب |